000 00571nam a2200169 i 4500
001 83471
003 ES-MaACL
005 20230906174831.0
007 t|
008 041117s1970 sp ||||1| spa d
111 2 _aReunión de la Sociedad de Pediatría de Andalucía Oriental (
_n8ª)
_9952
245 1 0 _aMesa redonda sobre intoxicaciones por fármacos de uso frecuente en Pediatría.
260 _a[S.l. :
_bs.n.,
_c1970]
300 _a74 p. ;
_c23 cm.
740 0 _aIntoxicaciones por fármacos de uso frecuente en Pediatría.
852 _aES-MaACL
_jC-44553
_bR.76034
999 _c83471
_d83471